Opätovné prezliekanie

Bibliographic Details
Main Author: Kame, Miroslav Robert, 1963- (Author)
Other Authors: Kožár, Vladimír (Illustrator)
Format: Book
Language:Slovak
PhysicalDescription:60 s. ilustr. 21 cm
Published: Bratislava Spolok slovenských spisovateľov 2005
ISBN:808061198X
Edition:1. vyd.
Series:Poézia
Subjects:

MARC

LEADER 00000nam a2200000 a 4500
001 vtls008302964
003 SK-MaSNL
005 20260302074207.0
008 240315s2005 xo a g 000 p slo
015 |a SNBA2005/12-05254 
020 |a 808061198X  |q (brož.) 
035 |a 30C18505-C956-4534-8E09-3A93C730E36B 
035 |a urn:nbn:sk:snk-amk6vp 
035 |a urn:nbn:sk:snk-am008jvx 
040 |a SNK  |b slo  |c SNK  |e AACR2 
041 0 |a slo 
044 |a xo  |c SK 
072 7 |a 821.162.4-1  |x Slovenská poézia  |2 konspekt 
080 |a 821.162.4-1  |2 MDT-MRF 
100 1 |a Kame, Miroslav Robert,  |d 1963-  |4 aut  |9 15604 
245 1 0 |a Opätovné prezliekanie  |c Miroslav Robert Kame; [ilustrácie: Vladimír Kožár] 
250 |a 1. vyd. 
260 |a Bratislava  |b Spolok slovenských spisovateľov  |c 2005 
300 |a 60 s.  |b ilustr.  |c 21 cm 
490 1 |a Poézia 
500 |a Ilustr. na front. 
655 7 |a slovenská poézia  |2 SNKPH  |9 70444 
700 1 |a Kožár, Vladimír  |4 ill  |9 739511 
830 0 |a Poézia  |9 278340 
919 |a 80-8061-198-X 
968 |d 821 
999 |c 1164055  |d 1165985 
952 |a SNK  |b SNK  |y PREZ  |7 0  |p 17A0485416  |o snkSC 121499  |i snk2005/17051  |8 0  |0 0  |1 0  |4 0  |d 2005-10-14  |f 1  |l 0  |r 2025-06-02 00:00:00  |w 2026-02-24 
952 |a SNK  |b SNK  |y VYP  |7 0  |p 17A0485417  |o snkSC 121499 D1  |i snk2005/17052  |8 0  |0 0  |1 0  |4 0  |d 2005-10-14  |l 0  |r 2026-02-24 20:43:41  |w 2026-02-24